Регионална библиотека "Любен Каравелов" - Русе

Възможности за управление на организационната култура (Запис номер 138126)

MARC детайли
000 -Лидер
Контролно поле с фиксирана дължина 02348nam a2200421 c 4500
003 - Код на организацията, давaща контролен номер
Контролно поле BLK
005 - Дата и час на последна редакция
Контролно поле 20220714115809.0
008 - Елементи от данни с фиксирана дължина
fixed length control field 180409b bul|||||r ||||||| ||bul||
010 ## - Наследен системен номер
LC control number KNG00144107000
040 ## - Източник на каталожния запис
Идентификатор на билиотеката - собственик на записа BLK
041 ## - Код за език
Код за езика на текст/звукозапис или на отделно заглавие Български
Код за езика КДБФ Български
072 #7 - Код за тематичната категория
Код организация bullib
Код за тематична категория Н6201
Текст Мениджмънт Н
080 ## - УДК
Текстов определител УДК Методи на управление. Мениджмънт. Анализи, планиране, ръководство, сътрудничество, контрол, коопериране и др.
УДК код - определител по УДК 005.5
УДК - код + определител 005.5
080 ## - УДК
УДК код - определител по УДК 316.45/.47
УДК - код + определител 316.45/.47
080 ## - УДК
Текстов определител УДК Работен процес - Организация, изпълнение на работния процес. Индивидуална и групова работа. Организация на работното място. Механизация и автоматизация на труда
УДК код - определител по УДК 331.103.2
УДК - код + определител 331.103.2
100 1# - Редна дума - Автор
Автор Емилова, Ирена
Авторска отговорност първи автор
Автор - информация (биография) Любенова, Ирена Емилова
R(LIN) 379119
139 ## - Редно поле
Редна дума Емилова, Ирена
Авторски знак Еми - Е 60
245 10 - Сведения за заглавието
Заглавие Възможности за управление на организационната култура
Редно поле (дума) Ирена Емилова; * Ирена Емилова Любенова.
257 ## - Страна на издаване
Страна на създаване/издаване България
260 ## - Област на издателските данни
Име на издателя, разпространителя и проч. Стоп. акад. Д. А. Ценов
Година на издаване 2011
300 ## - Физическа характеристика
Страници 169 с.
Размери/Мащаб 24 см
380 ## - Жанр
Жанр Общ отдел
490 1# - СЕРИИ (Колекции)
Име на серия Библиотека Стопански свят
№: серия бр. 115
500 ## - Общи забележки
Забележка Доп. тир. 2012. - Пълно име на авт. - Ирена Емилова Любенова. - Името на ред. отбелязано на гърба на загл. с. - Библиогр. с. 146-150. - Рез. на англ. ез.
650 #4 - Допълнително описание по предмет – тема
Основно описание – тема или топоним Организационна култура
9 (RLIN) 291604
650 #4 - Допълнително описание по предмет – тема
Основно описание – тема или топоним Управление и организация
9 (RLIN) 265069
650 #4 - Допълнително описание по предмет – тема
Основно описание – тема или топоним Организационно поведение
9 (RLIN) 267078
653 ## - Ключова дума – ненормативна
Ключова дума организационна култура
653 ## - Ключова дума – ненормативна
Ключова дума мениджмънт
653 ## - Ключова дума – ненормативна
Ключова дума организационно поведение
659 ## - Тематичен бюлетин
Тематичен бюлетин Н
700 1# - Други автори (авторска отговорност)
Лично име Любенова, Ирена Емилова
Автороска отговорност (Описва отношението между автора и произведението) *
9 (RLIN) 326009
852 ## - Местоположение
Форматна сигнатура Цб 259987
856 4# - Електронен адрес и достъп
Електронен формат pdf - файл
856 4# - Електронен адрес и достъп
Електронен формат pdf - файл
999 ## - СИСТЕМНИ КОНТРОЛНИ НОМЕРА
Koha biblionumber 138126
Koha biblioitemnumber 138126
942 ## - АРТИКУЛИ
Вид на библиотечния материал Книги
Скрит в OPAC Не
Периодичен библиозапис Да
Koha issues (borrowed), all copies 1
944 ## - СЪЗДАВАНЕ И РЕДАКЦИЯ на ЗАПИСА
Създаване/Редакция Създаване
Дата на регистрацията/редакция 18.06.2013
Статус, дата на статуса ф /
Служител, извършил регистрацията/редакцията Пенка_Димитрова
944 ## - СЪЗДАВАНЕ И РЕДАКЦИЯ на ЗАПИСА
Създаване/Редакция Редакция
Дата на регистрацията/редакция 18.10.2013
Статус, дата на статуса ф /
999 ## - СИСТЕМНИ КОНТРОЛНИ НОМЕРА
Koha biblioitemnumber 138126
Наличности
Код за отписване Код за изгубен артикул Източник на класификационната схема Код за повреда Коз за рестрикции Код за отдаване Артикулен № Име на библиотеката - собственик Име на библиотеката, в която се намира в момента Статус (Текущо местоположение) Дата на вписване в системата Местоположение - отдел Цена в лева Инвентарен номер Систематично азбучна сигнатура Баркод Номер на екземпляра Цена в евро Служебна бележка Служебен тип на артикула
  Не е изгубен Universal Decimal Classification Не е повреден без рестрикции заемане за дома 225824 Регионална библиотека "Любен Каравелов" Русе Регионална библиотека "Любен Каравелов" Русе Заемна - подръчен фонд 2013-07-10 Заемна - подръчен фонд 15.00 120000767954 005.5/Е 60 120000767954 1 7.67 Дост: DA Вид: А N: 15 Дата: 10.07.2013 Дата инв: 06.02.2018 Бележки инв: П2018 Книги
  Не е изгубен   Не е повреден без рестрикции ползва се в читалня 225825 Регионална библиотека "Любен Каравелов" Русе Регионална библиотека "Любен Каравелов" Русе Хранилище 2013-10-20 Хранилище 15.00 120000770777 Цб 259987 120000770777 2 7.67 Дост: Dp Вид: Д N: 37 Дата: 10.09.2012 Книги
Vip Innovations Ltd, Rousse, Bulgaria 2025